| 000 | 00606nam a22001697a 4500 | ||
|---|---|---|---|
| 082 | _a005 | ||
| 100 | _aHafeez, Hafiz Hamza ; Khan, Hafiz Muhammad Taha | ||
| 245 |
_aFace Detection and Recognition in Camera Feeds / _cHafiz Hamza Hafeez ; Hafiz Muhammad Taha Khan |
||
| 260 |
_aIslamabad : _bSEECS - NUST, _c2019. |
||
| 300 |
_aVar. p. ; _c30cm. |
||
| 563 | _aHBK | ||
| 650 | _aComputer Science-Project Report | ||
| 700 |
_aDr, Muhammad Imran Malik _930951 |
||
| 856 | _uhttp://10.250.8.41:8080/xmlui/handle/123456789/18881 | ||
| 942 |
_2ddc _cPR |
||
| 999 |
_c536274 _d536274 |
||